| 000 | 00604nam a22002177a 4500 | ||
|---|---|---|---|
| 999 |
_c14523 _d14523 |
||
| 003 | MIRAKIL | ||
| 005 | 20210927152637.0 | ||
| 008 | 210927b tu ||||| |||| 00| 0 tur d | ||
| 020 | _a9757238260 | ||
| 040 |
_aTR-AnCHP _btur _cTR-AnCHP |
||
| 041 | _atur | ||
| 082 |
_a956 _bL38o1996 |
||
| 100 | _aLewis, Bernard | ||
| 245 |
_aOrtadoğu/ _cBernard Lewis; Türkçesi Mehmet Harmancı |
||
| 260 |
_aİstanbul: _bSabah Kitapları, _c1996. |
||
| 300 |
_a325 s.: _bhrt. _c24 sm. |
||
| 504 | _aDizin vardır. | ||
| 650 | 0 |
_aOrtadoğu _96752 _xTarih |
|
| 700 | 1 |
_aHarmancı, Mehmet _91613 _eçev. |
|
| 942 | _cBKS | ||